| 000 | 00429nam a2200181Ia 4500 | ||
|---|---|---|---|
| 001 | 8379 | ||
| 005 | 20260306160605.0 | ||
| 008 | 260306t2000||||xx |||||||||||||| ||spa|| | ||
| 041 | _aESP | ||
| 082 |
_a370.7 _bP13 |
||
| 100 |
_aPacheco Méndez, Teresa [coord.] _eAUT |
||
| 245 | 0 | _aEvaluación académica | |
| 260 | _c2000 | ||
| 300 |
_a155 páginas : _c23 cm. |
||
| 650 | _aGEN | ||
| 654 | _aCED | ||
| 942 |
_cLIB _dJUS _fJUS _2ddc _n |
||
| 999 |
_c8379 _d8379 |
||